00457nam a2200181Ia 4500008004100000020001800041050001400059100001700073245004000090245004600130260001500176260001600191260000900207300001400216300002700230300001000257500000800267170918s9999 xx 000 0 und d a9780439848688 bD214 2006 aD'Arcy, Mark aWhy the chickens crossed the road / cMark D'Arcy ; illustrated by Jeff Morres. aNew York : bScholastic, c2006 aunpaged : bcolored illustration ; c25cm. a320